LEADER 01097nam0-2200349---450- 001 990009100850403321 005 20100519161846.0 010 $a978-88-323-6206-0 035 $a000910085 035 $aFED01000910085 035 $a(Aleph)000910085FED01 035 $a000910085 100 $a20091008d2008----km-y0itay50------ba 101 0 $aita 102 $aIT 105 $ay-------101yy 200 1 $aPrassi ecdotiche$eesperienze editoriali su testi manoscritti e testi a stampa$eMilano, 7 giugno e 31 ottobre 2007$fa cura di Alberto Cadioli e Paolo Chiesa 210 $aMilano$cCisalpino$d[2008] 215 $a405 p.$d24 cm 225 1 $aQuaderni di Acme$v103 300 $aSul front.: Dipartimento di Filologia moderna 610 0 $aCritica del testo$aCongressi$a2007 676 $a801.959 702 1$aCadioli,$bAlberto$f<1952- > 702 1$aChiesa,$bPaolo$f<1956- > 801 0$aIT$bUNINA$gRICA$2UNIMARC 901 $aBK 912 $a990009100850403321 952 $a801.959 CAD 1$b57744 Bibl.$fFLFBC 959 $aFLFBC 996 $aPrassi ecdotiche$9250234 997 $aUNINA LEADER 02919nam 22005173 450 001 9910832998303321 005 20250905110038.0 010 $a979-88-87194-28-8 024 7 $a10.1515/9798887194288 035 $a(MiAaPQ)EBC31062350 035 $a(Au-PeEL)EBL31062350 035 $a(ScCtBLL)8b5ec02d-99f7-4e13-9685-c8bb4c1f66e1 035 $a(DE-B1597)678501 035 $a(DE-B1597)9798887194288 035 $a(CKB)29978616100041 035 $a(OCoLC)1419055768 035 $a(ODN)ODN0010344306 035 $a(EXLCZ)9929978616100041 100 $a20240122d2023 uy 0 101 0 $aukr 135 $aurcnu|||||||| 181 $ctxt$2rdacontent 182 $cc$2rdamedia 183 $acr$2rdacarrier 200 12$aA Concise Field Guide to Post-Communist Regimes 205 $a1st ed. 210 1$aBrighton :$cAcademic Studies Press,$d2023. 210 4$d©2023. 215 $a1 online resource (249 pages) 225 1 $aUkrainian-Language Open Access Series 330 $aThe unanticipated and unsolicited Russian aggression against Ukraine in February 2022 highlighted the urgency of updating general assumptions about post-communist countries. The war has revealed the inadequacy of the terms and concepts employed for western democracies for describing, understanding, and predicting the developments in the "hybrid" regimes of Eastern Europe and the former USSR. Magyar and Madlovics strongly argue for a vocabulary and grammar tailored to the specifics of the countries of the former communist bloc. In this concise companion to the 800-page The Anatomy of Post-Communist Regimes (CEU Press, 2020), they develop a conceptual framework in 120 propositions with (1) a typology of post-communist regimes and (2) a detailed presentation of ideal-type actors and the political, economic, and social phenomena in these regimes. Each of the 120 propositions contains a statement and a succinct discussion supported by illustrative tables, figures, and QR-codes that connect the interested reader to the more detailed analysis in the Anatomy. In a condensed form, the holistic approach of the Anatomy is retained by treating political, market, and communal spheres as parts of a single, coherent whole. An analysis of twelve countries illustrates the concrete application of the method. 410 0$aUkrainian-Language Open Access Series 606 $aHistory / Europe / Eastern$2bisacsh 606 $aHistory 615 7$aHistory / Europe / Eastern 615 0$aHistory. 700 $aMagyar$b Ba?lint$01071149 701 $aMadlovics$b Bálint$01725583 712 02$aOpen Society Foundation ?? The Republikon Institute$4fnd$4http://id.loc.gov/vocabulary/relators/fnd 801 0$bMiAaPQ 801 1$bMiAaPQ 801 2$bMiAaPQ 906 $aBOOK 912 $a9910832998303321 996 $aA Concise Field Guide to Post-Communist Regimes$94129395 997 $aUNINA